Polish soccer players scoring during the UEFA Euro - Statistics

General Stats
  • This quiz has been taken 251 times
    93 since last reset
  • The average score is 5 of 7
Answer Stats
Goals Year(s) Player % Correct
6 2012, 2016, 2021, 2024 Robert Lewandowski
100%
1 2016 Arkadiusz Milik
79%
3 2012, 2016 Jakub Błaszczykowski
76%
1 2024 Adam Buksa
67%
1 2024 Krzysztof Piątek
66%
1 2021 Karol Linetty
47%
1 2008 Roger Guerreiro
40%
No matching quizzes found
Score Distribution
Percent of People with Each Score
Percentile by Number Answered
Your Score History
You have not taken this quiz since the last reset